000 00273nam a2200109Ia 4500
005 20251222143226.0
008 251222s9999||||xx |||||||||||||| ||spa||
082 _a923.7/P78
245 0 _aHomenaje a Raúl Porras Barrenechea
264 _bFondo Editorial UNMSM
942 _cLIB
999 _c14011
_d14011